000 00509nam a2200181Ia 4500
008 240925s9999 xx 000 0 und d
020 _a9788131521267
082 _a005.133 DRO
100 _aDrozdek, Adam
245 0 _aData Structure and Algorithms in C++
250 _a4th
260 _aNew Delhi:
_bCengage Learning
_c,2013.
300 _a743p.
_bNA
_fOriginal
500 _aIncludes Index
600 _aEngineering Technology
650 _aComputer science, information & general works
942 _cBK
999 _c12528
_d12528